| 000 | 01704nam0a2200349 i 4500 | ||
|---|---|---|---|
| 001 | RU\NLR\bibl\1980226 | ||
| 005 | 20260405062339.0 | ||
| 010 |
_a9785991622639 _91000 |
||
| 021 |
_aRU _b2012-92587 _96854 |
||
| 035 | _a(NLR Aleph) 001968926 | ||
| 090 |
_a3928276 _c3928276 |
||
| 100 | _a20121218d2013 u y0rusy50 ca | ||
| 101 | 0 | _arus | |
| 102 | _aRU | ||
| 105 | _ay ||||||||| | ||
| 200 | 1 |
_aМеждународное частное право _eучебник для магистров _eдля студентов высших учебных заведений, обучающихся по направлению "Юриспруденция" и специальности Юриспруденция _fИ.В. Гетьман-Павлова _gВысш. шк. экономики, Нац. исслед. ун-т |
|
| 205 | _a4-е изд., перераб. и доп. | ||
| 210 |
_aМосква _cЮрайт _d2013 [т. е. 2012] |
||
| 215 |
_a959 с. _d22 |
||
| 225 | 1 | _aУчебно-методическое объединение рекомендует | |
| 225 | 1 | _aУчебник | |
| 225 | 1 | _aМагистр | |
| 300 | _aКн. фактически изд. в 2012 г. | ||
| 320 | _aБиблиогр.: с. 946-959 и в подстроч. примеч. | ||
| 606 |
_aМеждународное частное право _jУчебники для высших учебных заведений _91113671 _3RU\NLR\auth\66120551 |
||
| 686 | _aХ93я73 | ||
| 700 | 1 |
_4070 _8rus _7ca _aГетьман-Павлова _bИ. В. _gИрина Викторовна _3RU\NLR\auth\7721116 _94182 |
|
| 801 | 0 |
_aRU _bNLR _c20121218 _gRCR |
|
| 801 | 1 |
_aRU _bNLR _c20121218 |
|
| 942 | _cBOOK | ||
| 980 | _aNBR | ||